1381 1619 1007 1694 1160 1444 1110 1495 1765 1616 1066 1595 1472 1875 1553 1481 1018 1240 1583 1470 1897 1917 1191 1686 1510 1808 1052 1248 1945 1742 1047 1431 1322 1092 1606 1649 1478 1510 1978 1625 1498 1063 1836 1075 1434 1276 1039 1549 1379 1267 1204 1487 1482 1351 1193 1946 1408 1242 1321 1022 1134 1237 1006 1537 1427 1369 1720 1312 1854 1661 1639 1739 1616 1289 1299 1692 1611 1608 1715 1001 1949 1773 1227 1870 1749 1128 1136 1434 1850 1689 1035 1582 1311 1262 1334 1167 1634 1951 1024 BCNSPRNW ULIB Ver.6.0+V

เปลี่ยนเป็นภาษาไทย

Change to English
 แสดงรายละเอียดบรรณานุกรม
  กลับหน้าหลัก

Brief Record : Get Marc (ISO 2709) : E-mail record : QR code < ปิดหน้าต่าง
LEADER : 00000nam 2200000uu 4500
001    13399126738
003     ULIB
008    020711s2018 th a 000 0 eng d
020    ^a9781496365316
060    ^aQV55^bF814C
100    ^aFRANDSEN ABRAMS
245    ^aCLINICAL DRUG THERAPY RATIONALES FOR NURSING
250    ^a11st ed
260    ^aPhiladelphia :^bWolters Kluwer,^c2018
300    ^a1224 pages;^b29 cm
650    ^aPharmaceutical Preparations
650    ^aDrug Therapy
650    ^aPharmacological Phenomena
650    ^aNurses Instruction
945    ^p2295^l0^i005401
999    ^aประนอม เกษจรัล
รายการนี้ยังไม่มีแท็ก
คุณยังไม่ได้ล็อกอิน คุณสามารถมีกิจกรรมร่วมกับเว็บไซต์ได้ แต่ต้องล็อกอินก่อน ::
  ล็อกอิน

รายการสื่อสารสนเทศ

ลำดับที่ ประเภท เลขเรียก/บาร์โค้ด สถานที่ สถานะ
1. วิทยาศาสตร์การแพทย์ และสุขภาพ
หนังสือสำรอง
สถานะ=หนังสือสำรอง
QV55 F814C ฉ.1 
  Barcode: 005401
ห้องสมุดวิทยาเขตสวรรค์ประชารักษ์
►หนังสือทั่วไป
บนชั้น

รายการใกล้เคียง
    หัวเรื่อง [Pharmaceutical Preparations]
    หัวเรื่อง [Drug Therapy]
    หัวเรื่อง [Pharmacological Phenomena]
    หัวเรื่อง [Nurses Instruction]

BibComment


ยังไม่เคยถูกคอมเมนท์

คอมเมนท์ทรัพยากรรายการนี้
  คอมเมนท์: CLINICAL DRUG TH..


 Copyright 2026. Bcnsprnw @Library